The Book of the season

Bibliographic Details
Main Author: Thomson, Ruth
Other Authors: Millard, Peter (photography)
Format: Book
Published: London : Franklin Watts , 1991
Subjects:

MARC

LEADER 00000cam a2200000 7i4500
001 0000009266
002 000010095
005 .0
020 |a 0749602252 
090 0 0 |a 745.5   |b THO 
100 1 |a Thomson, Ruth 
245 1 0 |a The Book of the season   |c Ruth Thomson ; photography by Peter Millard 
260 |a London :   |b Franklin Watts ,   |c 1991 
300 |a 126 p. :   |b ill. ;   |c 27 cm. 
650 0 0 |a Handicraft 
700 1 |a Millard, Peter ,   |e photography 
999 |a 027577   |b BUKU   |c PINJAMAN   |e PERPUSTAKAAN KOMUNITI PETALING JAYA